Thư mục anh văn chuyên ngành - Khoa khoa học xã hội và nhân văn

Nội dung thư mục giứoi thiệu các giáo trình, tài liệu tham khảo cho các chương trình đang giảng dạy tại khoa khoa học xã hôi và nhân văn trường ĐHCT hiện nay. Tối ưu hoá chất lượng và hiệu quả của thư mục trong việc học tập và nghiên cứu của...

Szczegółowa specyfikacja

Zapisane w:
Opis bibliograficzny
1. autor: Nguyễn, Lê Ngọc Anh
Format: Książka
Język:Undetermined
Wydane: Cần Thơ Trường Đại học Cần Thơ 2013
Hasła przedmiotowe:
Etykiety: Dodaj etykietę
Nie ma etykietki, Dołącz pierwszą etykiete!
Thư viện lưu trữ: Trung tâm Học liệu Trường Đại học Cần Thơ
LEADER 01087nam a2200193Ia 4500
001 CTU_205252
008 210402s9999 xx 000 0 und d
082 |a 011.02 
082 |b A107 
100 |a Nguyễn, Lê Ngọc Anh 
245 0 |a Thư mục anh văn chuyên ngành - Khoa khoa học xã hội và nhân văn 
245 0 |c Nguyễn Lê Ngọc Anh (biên soạn) ; Nguyễn Huỳnh Mai, Trần Thuỵ Vân Anh (hiệu đính) 
260 |a Cần Thơ 
260 |b Trường Đại học Cần Thơ 
260 |c 2013 
520 |a Nội dung thư mục giứoi thiệu các giáo trình, tài liệu tham khảo cho các chương trình đang giảng dạy tại khoa khoa học xã hôi và nhân văn trường ĐHCT hiện nay. Tối ưu hoá chất lượng và hiệu quả của thư mục trong việc học tập và nghiên cứu của sinh viên và giáo viên. 
650 |a Thư mục,Bibliography 
904 |i Qhieu 
980 |a Trung tâm Học liệu Trường Đại học Cần Thơ